000 00943cam a2200241u 4500
999 _c130333
_d130333
001 9177814
003 ARRUPE
005 20200207112113.0
008 830421s1887 enkc 000 0beng
010 _a 16004960
040 _aDLC
_cCarP
_dDLC
043 _ae-fr---
050 0 0 _aDC137.1
_b.C19 1887
100 1 _aCampan,
_cMme
_q(Jeanne-Louise-Henriette),
_d1752-1822.
_949461
245 1 4 _aThe private life of Marie Antoinette, queen of France and Navarre,
_bwith sketches and anecdotes of the court of Louis XVI.
_cJeanne Louise Henriette Campan
250 _aNew and cheaper ed.
260 _aLondon,
_bR. Bentley and son,
_c1887.
300 _alvii, [1] p., 1 l.,
_b450, [2] p. front., ports.
_c19 cm.
600 0 0 _aMarie Antoinette,
_cQueen, consort of Louis XVI, King of France,
_d1755-1793.
_949462
651 0 _aFrance
_xCourt and courtiers.
_949463
906 _a0
_bcbc
_cpremunv
_du
_encip
_f19
_gy-gencatlg
942 _2lcc
_cMONOGRAPH